MDQL
is popping MORE tags! Check the
thread
!
Quizzes
Events
Quiz Creation
Community
Videos
Private Events
Remove Ads
Sign In
Join for FREE
Feedback
Dark Mode
Quiz Categories
Sports
Geography
Music
Movies
Television
Just For Fun
Miscellaneous
History
Literature
Language
Science
Gaming
Entertainment
Religion
Holiday
For Kids
Quiz Lab
Recent
Popular Today
Quiz Kudos Today
Editor Picks
Curator Picks
Quizzes by...
Day
Popularity
Type
Ratings
Length
Year
Community
Subscriptions
Recent Discussions
Orange Saloon
Badges
Playlists
Quests
Create
Leaderboards
Showdown
Live 5
Trivia Bingo
Activity
Puzzle Library
Sporcle Events
Private Events
Virtual Trivia
Globe League
Become a Host
Pub Owners
SporcleCon
Opinionation
Our Games
Videos
Blog
Mobile Apps
Partnerships
Remove Ads and Go Orange
Feedback
Sports
Athletes
MLB
NBA
NHL
NFL
Soccer
Sports Teams
WWE
NCAA
Football
Premier League
Basketball
Baseball
Hockey
Golf
Tennis
Cricket
Rugby
Auto Racing
Olympics
World Cup
Sports
Athletes
MLB
NBA
NHL
NFL
Soccer
Sports Teams
WWE
NCAA
Football
Premier League
Basketball
Baseball
Hockey
Golf
Tennis
Cricket
Rugby
Auto Racing
Olympics
World Cup
Random Quiz
Search Sporcle
×
Quiz Lab
Quiz Lab
Sports
Auto Racing
Type in answers that appear in a list
Type in answers that appear in a list
Classic
Best Score? Go Orange.
Did They Die in a Racing Accident? Stats
Can you name the deceased racing drivers or motorcycle pilots who were fatally injured in racing accidents?
By
Chilli_Dipper
5m
50 Questions
2,719 Plays
2,719 Plays
2,719 Plays
Comments
Comments
Give Quiz Kudos
Give Quiz Kudos
-
- Ratings
hide this ad
More Info
Forced Order
Answers have to be entered in order
Answers have to be entered in order
Wrong Answers
Some wrong answers will appear in red
Some wrong answers will appear in red
Random Order
Randomize order of answers
Randomize order of answers
Replay
Link that replays current quiz
Next Quiz
Link to next quiz in quiz playlist
You Got
0%
They Got
Avg Score
54%
Avg Friend Score
Upgrade to see
Score Distribution
Jump to the score distribution portion of the page
Score
0/50
Timer
05:00
0
Plays Today
Driver
Yes or No
% Correct
Roland Ratzenberger
???
72.6%
Ronnie Peterson
???
68.8%
James Hunt
???
68.5%
Greg Moore
???
61.4%
Adam Petty
???
59.6%
Riccardo Paletti
???
59.4%
Fireball Roberts
???
59.1%
Colin McRae
???
59.1%
Graham Hill
???
58.9%
Alan Kulwicki
???
58%
Bobby Hamilton
???
57.9%
Jeff Krosnoff
???
57.2%
Barry Sheene
???
57.1%
Michele Alboreto
???
56.7%
Richard Burns
???
56.6%
Rob Moroso
???
55.9%
Tim Richmond
???
55.9%
Gunnar Nilsson
???
55.8%
Ralph Earnhardt
???
55.4%
Joakim Bonnier
???
54.7%
Lee Petty
???
54.7%
Mike Hawthorn
???
54.5%
Ludovico Scarfiotti
???
54.5%
Mike Hailwood
???
54.2%
Manfred Winkelhock
???
53.7%
Driver
Yes or No
% Correct
Joey Dunlop
???
53.6%
Eddie Sachs
???
53.1%
Henri Toivonen
???
53.1%
Davey Allison
???
53%
Wilbur Shaw
???
52.6%
Tommy Milton
???
51.8%
Denny Hulme
???
51.7%
Bobby Isaac
???
51.7%
Tony Renna
???
51.5%
Joe Weatherly
???
51.5%
Bob Wollek
???
51.2%
Giuseppe Farina
???
50%
Alfonso de Portago
???
49.9%
Clifford Allison
???
49.4%
Carlos Pace
???
48.9%
William Grover-
Williams
???
48.5%
Bernd Rosemeyer
???
48.5%
Ricardo Tormo
???
47.6%
Jarno Saarinen
???
47.6%
Rudolf Caracciola
???
46.8%
Frank Lockhart
???
45.3%
Dick Seaman
???
44.9%
Peter Brock
???
44.4%
Rafael Sperafico
???
43.2%
Louis Zborowski
???
39.3%
Quiz Playlist
Details
Report
Send in Message
Add To Playlist
More Info:
Some of the people on this list were killed in road accidents, or died of natural causes while racing. Those do not count as racing accidents.
Classic:
Type in answers that appear in a list
Forced Order:
Answers have to be entered in order
Wrong Answers:
Some wrong answers will appear in red
Random Order:
Randomize order of answers
Last Updated: Dec 6, 2018
Quiz Scoreboard
CHALLENGE
Sign Up to Join the Scoreboard
Show All
Scores
Hide
Comments
May contain spoilers
Recently Published
Holiday 10x10 Sorting Gallery
by lukepisani3
Holiday
15m
Two Season TV Shows II
by 123Four
Television
10m
Image Sorting: Flags VI
by Barbecue
Geography
2m
More to Explore
Quiz From the Vault
Featured Blog Post
14 Easter Pick-up Lines to Find Eggs With
hide this ad
You Might Also Like...
Tags
Auto Racing Quiz
Cars Quiz
Accident
car
crash
death
Formula 1
Indy 500
Indycar
motogp
NASCAR
Rally
Sports Cars
Today's Top Quizzes in Sports
Browse Sports
hide this ad
Today's Top Quizzes in Auto Racing
Browse Auto Racing
Top Contributed Quizzes in Sports
1
Les meilleurs buteurs des matchs entre le PSG et l’OM
2
Les entraîneurs de l'OM et du PSG au 21e siècle
3
2022 World Cup Stars
4
Les joueurs passés par le PSG et l'OM
5
Players with Multiple 50 Home Run Seasons
6
FIFA Club World Cup Champions
7
Top 10 NHL Goal Scorers of All Time
8
Les joueurs passés par le LOSC et le RC Lens
9
Criteria MLB: Left Handed Sluggers
10
2023 MLB Unique Player Accomplishments
Explore More
Trending Topics
Harry Potter
Crossword
Anime
Disney
Marvel
NBA
Kpop
Country
WWE
Pokémon
The Office
Puzzle
Song
Soccer
NFL
hide this ad
More By:
Chilli_Dipper
Quiz
Plays
Rating
Category
Featured
Created
World's Top-Ranked Golfers: Last 30 Years
86,094
4.73
Sports
Sep 20, 2011
Did They Die in a Racing Accident?
2,719
3.67
Sports
Sep 21, 2011
Which Chris Starred In It?
872
5.00
Movies
Nov 27, 2014
What's Their Super Bowl Record? (Clickable)
449
4.14
Sports
Jan 28, 2013
National Champions' Bowl Games
229
Sports
Jan 27, 2015
Go to Creator's Profile
Score Distribution
Quiz Creator Spotlight
Chilli_Dipper
Follow
Send a Message
Quizzes Created
-
Created Quiz Play Count
-
More By This Creator
Popular Quizzes Today
1
Find the US States - No Outlines Minefield
2
Colored Red Africa Blitz
3
Find the 'City' Movie
4
The Countries of the World
5
Find the US States
6
5x2 Blitz: Bands
7
Find the Countries of Europe - No Outlines Minefield
8
US States
More Sports Quizzes
Criteria: Golf's Major Champions
Editor's Pick
Trending Quizzes
Colored Red Europe Blitz I
Colored Red Europe Blitz II
Colored Red Africa Blitz II
Colored Red Europe Blitz III
Colored Red Africa Blitz III
Recently Updated
Odd Team Out - Big 4 Players
pecheneg
Quick Pick: 20 Twenties
pecheneg
March Madness Men's Triple Doubles
pecheneg
How Do You Spell That?
pecheneg
Godzilla Movies
pecheneg
Grab Bag: 4-10 Letters
pecheneg
2024 March Madness Bracket
pecheneg
Famous TV Couples
Peacemaker
Champions League XIs: Real Madrid
pecheneg
Largest US Cities 1790-2010
pecheneg
Trending Topics
Anime
Kpop
NBA
Harry Potter
Marvel
Crossword
Disney
Soccer
Puzzle
The Office
NFL
Song
Pokémon
Country
WWE
Your Account Isn't Verified!
In order to create a playlist on Sporcle, you need to verify the email address you used during registration. Go to your
Sporcle Settings
to finish the process.
Report this User
Report this user for behavior that violates our
Community Guidelines
.
Details:
Send Report
Go to the Sporcle.com Mobile Site →
Comments